TRENDS AND VARIATIONS IN FERTILITY IN THE UNITED STATES (Record no. 39406)
[ view plain ]
| 000 -LEADER | |
|---|---|
| fixed length control field | 00293nam a22001217a 4500 |
| 008 - FIXED-LENGTH DATA ELEMENTS--GENERAL INFORMATION | |
| fixed length control field | 171226b xxu||||| |||| 00| 0 eng d |
| 041 ## - LANGUAGE CODE | |
| Language code of text/sound track or separate title | eng |
| 080 ## - UNIVERSAL DECIMAL CLASSIFICATION NUMBER | |
| Universal Decimal Classification number | 94 |
| 100 ## - Rafti | |
| Rafti | 17 |
| 101 ## - Shkurtesa | |
| Shkurtesa | HIS |
| 245 ## - TITLE STATEMENT | |
| Title | TRENDS AND VARIATIONS IN FERTILITY IN THE UNITED STATES |
| Statement of responsibility, etc | KISER,C.V |
| 942 ## - ADDED ENTRY ELEMENTS (KOHA) | |
| Source of classification or shelving scheme | |
| Item type | Books |
No items available.